|
|
|
|
| LEADER |
00000nas a22000001 4500 |
| 001 |
ssj0012096 |
| 003 |
WaSeSS |
| 005 |
20200512172242.0 |
| 006 |
m d |
| 007 |
cr n |
| 008 |
751101c19669999ncuqr p s 0 a0eng c |
| 010 |
|
|
|a 20021366
|z sn 78005114
|
| 016 |
7 |
|
|a 100972801
|2 DNLM
|
| 016 |
7 |
|
|a 010493137
|2 Uk
|
| 022 |
|
|
|l 0022-5800
|y 0022-5800
|
| 032 |
|
|
|a 286260
|b USPS
|
| 035 |
|
|
|a (WaSeSS)ssj0012096
|
| 040 |
|
|
|a MUL
|b eng
|c MUL
|d OCL
|d NSD
|d OCL
|d NSD
|d DLC
|d NSD
|d NST
|d AIP
|d OCL
|d HUL
|d NST
|d DLC
|d CLU
|d NST
|d GUA
|d SYS
|d NLM
|d OCLCQ
|d DLC
|d LVB
|d DOS
|d UQ1
|d NLA
|d OCLCQ
|d UKMGB
|d OCLCF
|d OCLCO
|d HUL
|d OCLCO
|d FJM
|d YLS
|d OCLCA
|d OCLCQ
|d OCLCO
|d CLU
|d WaSeSS
|
| 042 |
|
|
|a nsdp
|a pcc
|
| 043 |
|
|
|a n-us---
|
| 050 |
0 |
0 |
|a K10
|b .U3
|
| 050 |
1 |
4 |
|a KF384.A1
|b J82
|
| 210 |
0 |
|
|a Judicature
|
| 222 |
|
0 |
|a Judicature
|
| 245 |
0 |
0 |
|a Judicature
|h [electronic resource].
|
| 260 |
|
|
|a [Chicago]
|b American Judicature Society.
|
| 260 |
3 |
|
|3 2015- :
|a Durham, NC,
|b Duke Law School Center for Judicial Studies
|
| 310 |
|
|
|a Quarterly,
|b <spring 2016>-
|
| 321 |
|
|
|a Monthly (Irregular),
|b 1966-May 1984
|
| 321 |
|
|
|a Bimonthly,
|b June-July 1984-<July-August 2014>
|
| 362 |
0 |
|
|a v. 50- June/July 1966-
|
| 506 |
|
|
|a License restrictions may limit access.
|
| 550 |
|
|
|a Journal of the American Judicature Society.
|
| 580 |
|
|
|a Vols. <51>-56 include: American Judicature Society. Annual report of executive director; v. 67- include: American Judicature Society. Annual report.
|
| 588 |
|
|
|a Latest issue consulted: Volume 100, no. 2 (summer 2016).
|
| 650 |
|
0 |
|a Law
|z United States
|v Periodicals.
|
| 650 |
|
6 |
|a Droit
|z États-Unis
|v Périodiques.
|
| 650 |
|
6 |
|a Justice
|x Administration
|z États-Unis
|v Périodiques.
|
| 650 |
|
7 |
|a Law.
|2 fast
|0 (OCoLC)fst00993678
|
| 650 |
1 |
7 |
|a Administration de la justice.
|2 rasuqam
|
| 650 |
|
7 |
|a Droit.
|2 rasuqam
|
| 651 |
|
7 |
|a United States.
|2 fast
|0 (OCoLC)fst01204155
|
| 651 |
|
7 |
|a États-Unis.
|2 rasuqam
|
| 655 |
|
0 |
|a Electronic journals.
|
| 710 |
2 |
|
|a American Judicature Society.
|
| 710 |
2 |
|
|a Duke University.
|b Center for Judicial Studies.
|
| 710 |
2 |
|
|a American Judicature Society.
|t Annual report of executive director.
|
| 710 |
2 |
|
|a American Judicature Society.
|t Annual report.
|
| 776 |
1 |
|
|c Microfilm
|d University Microfilms
|w (DLC)sn 83003994
|
| 777 |
1 |
|
|a American Judicature Society.
|t Annual report of executive director
|w (DLC)sn 89025187
|w (OCoLC)1480205
|
| 777 |
1 |
|
|a American Judicature Society.
|t Annual report
|x 0732-1031
|w (DLC) 82641899
|w (OCoLC)6571716
|
| 780 |
0 |
0 |
|t Journal of the American Judicature Society
|w (DLC)sn 92018765
|w (OCoLC)1777119
|
| 850 |
|
|
|a CU-Riv
|a CaOOJ
|a CtNlC
|a CtY-L
|a DLC
|a GU
|a In
|a MH-L
|a MoU
|a NN
|a NNStJ
|a NjR
|a ViBlbV
|a NNU-L
|
| 853 |
2 |
3 |
|8 1
|a v.
|b no.
|u 10
|v r
|i (year)
|j (month)
|w m
|x 06
|y pm06/07,12/01
|
| 856 |
4 |
0 |
|z Full text available from Research Library: 01/01/2004 to present
|u https://search.proquest.com/publication/25055
|
| 863 |
4 |
0 |
|8 1
|a <51>-
|i <1967/1968>-
|x provisional
|